<?xml version="1.0" encoding="UTF-8"?>
<record
    xmlns:xsi="http://www.w3.org/2001/XMLSchema-instance"
    xsi:schemaLocation="http://www.loc.gov/MARC21/slim http://www.loc.gov/standards/marcxml/schema/MARC21slim.xsd"
    xmlns="http://www.loc.gov/MARC21/slim">

  <leader>02301cam a22004094a 4500</leader>
  <controlfield tag="001">15963556</controlfield>
  <controlfield tag="003">OSt</controlfield>
  <controlfield tag="005">20230505121420.0</controlfield>
  <controlfield tag="008">091027s2011    mou      b    000 0 eng  </controlfield>
  <datafield tag="020" ind1=" " ind2=" ">
    <subfield code="a">0323044077</subfield>
  </datafield>
  <datafield tag="020" ind1=" " ind2=" ">
    <subfield code="a">9780323044073</subfield>
  </datafield>
  <datafield tag="035" ind1=" " ind2=" ">
    <subfield code="a">(DNLM)101518227</subfield>
  </datafield>
  <datafield tag="040" ind1=" " ind2=" ">
    <subfield code="a">DNLM/DLC</subfield>
    <subfield code="c">LC</subfield>
    <subfield code="d">DLC</subfield>
  </datafield>
  <datafield tag="042" ind1=" " ind2=" ">
    <subfield code="a">pcc</subfield>
  </datafield>
  <datafield tag="050" ind1="0" ind2="0">
    <subfield code="a">RT55.L33 </subfield>
  </datafield>
  <datafield tag="060" ind1="0" ind2="0">
    <subfield code="a">WY18.2</subfield>
  </datafield>
  <datafield tag="082" ind1="0" ind2="0">
    <subfield code="a">610.73076</subfield>
    <subfield code="2">22</subfield>
  </datafield>
  <datafield tag="100" ind1="1" ind2=" ">
    <subfield code="a">LaCharity, Linda A.</subfield>
    <subfield code="9">1440</subfield>
  </datafield>
  <datafield tag="245" ind1="1" ind2="0">
    <subfield code="a">Prioritization, delegation, and assignment: practice exercises for medical-surgical nursing. /</subfield>
    <subfield code="c">Linda A. LaCharity, Candice K. Kumagai, Barbara Bartz.</subfield>
  </datafield>
  <datafield tag="260" ind1=" " ind2=" ">
    <subfield code="a">St. Louis, Mo. :</subfield>
    <subfield code="b">Mosby,</subfield>
    <subfield code="c">2006.</subfield>
  </datafield>
  <datafield tag="300" ind1=" " ind2=" ">
    <subfield code="a">vii, 212 p. ;</subfield>
    <subfield code="c">28 cm.</subfield>
  </datafield>
  <datafield tag="505" ind1=" " ind2=" ">
    <subfield code="a">Contents: Introduction: Guidelines for prioritization, delegation and assignment decisions -- Prioritization, delegation and assignment in common health problems: Pain -- Cancer -- Fluid, electrolyte and acid-base problems -- Immunologic problems -- Respiratory problems -- Cardiovascular Problems -- Hematologic problems -- Neurologic problems -- Visual and auditory problems -- Musculoskeletal problems -- Gastrointestinal and nutritional problems -- Endocrine problems -- Integumentary problems -- Renal and urinary problems -- Reproductive problems -- Medical-surgical problems -- Prioritization, delegation and assignment in complex health scenarios: Chest pressure, indigestion, nausea and vomiting -- Dyspnea and shortness of bretah -- </subfield>
  </datafield>
  <datafield tag="650" ind1=" " ind2="0">
    <subfield code="a">Nursing</subfield>
    <subfield code="v">Problems, exercises, etc.</subfield>
    <subfield code="9">1441</subfield>
  </datafield>
  <datafield tag="650" ind1="1" ind2="2">
    <subfield code="a">Nursing Care</subfield>
    <subfield code="x">organization &amp; administration</subfield>
    <subfield code="v">Case Reports.</subfield>
    <subfield code="9">1442</subfield>
  </datafield>
  <datafield tag="650" ind1="1" ind2="2">
    <subfield code="a">Nursing Care</subfield>
    <subfield code="x">organization &amp; administration</subfield>
    <subfield code="v">Examination Questions.</subfield>
    <subfield code="9">1443</subfield>
  </datafield>
  <datafield tag="650" ind1="2" ind2="2">
    <subfield code="a">Decision Making</subfield>
    <subfield code="v">Case Reports.</subfield>
    <subfield code="9">1444</subfield>
  </datafield>
  <datafield tag="650" ind1="2" ind2="2">
    <subfield code="a">Decision Making</subfield>
    <subfield code="v">Examination Questions.</subfield>
    <subfield code="9">1445</subfield>
  </datafield>
  <datafield tag="650" ind1="2" ind2="2">
    <subfield code="a">Delegation, Professional</subfield>
    <subfield code="v">Case Reports.</subfield>
    <subfield code="9">1446</subfield>
  </datafield>
  <datafield tag="650" ind1="2" ind2="2">
    <subfield code="a">Delegation, Professional</subfield>
    <subfield code="v">Examination Questions.</subfield>
    <subfield code="9">1447</subfield>
  </datafield>
  <datafield tag="650" ind1="2" ind2="2">
    <subfield code="a">Nurse's Role</subfield>
    <subfield code="v">Case Reports.</subfield>
    <subfield code="9">1448</subfield>
  </datafield>
  <datafield tag="650" ind1="2" ind2="2">
    <subfield code="a">Nurse's Role</subfield>
    <subfield code="v">Examination Questions.</subfield>
    <subfield code="9">1449</subfield>
  </datafield>
  <datafield tag="700" ind1="1" ind2=" ">
    <subfield code="a">Kumagai, Candice K.</subfield>
    <subfield code="9">1450</subfield>
  </datafield>
  <datafield tag="700" ind1="1" ind2=" ">
    <subfield code="a">Bartz, Barbara.</subfield>
    <subfield code="9">1451</subfield>
  </datafield>
  <datafield tag="906" ind1=" " ind2=" ">
    <subfield code="a">7</subfield>
    <subfield code="b">cbc</subfield>
    <subfield code="c">orignew</subfield>
    <subfield code="d">1</subfield>
    <subfield code="e">ecip</subfield>
    <subfield code="f">20</subfield>
    <subfield code="g">y-gencatlg</subfield>
  </datafield>
  <datafield tag="942" ind1=" " ind2=" ">
    <subfield code="2">lcc</subfield>
    <subfield code="c">BK</subfield>
  </datafield>
  <datafield tag="999" ind1=" " ind2=" ">
    <subfield code="c">9596</subfield>
    <subfield code="d">17096</subfield>
  </datafield>
  <datafield tag="952" ind1=" " ind2=" ">
    <subfield code="0">0</subfield>
    <subfield code="1">0</subfield>
    <subfield code="2">lcc</subfield>
    <subfield code="4">0</subfield>
    <subfield code="7">0</subfield>
    <subfield code="a">WIUC-KL</subfield>
    <subfield code="b">WIUC-KL</subfield>
    <subfield code="c">NURS L.</subfield>
    <subfield code="d">2023-02-09</subfield>
    <subfield code="l">0</subfield>
    <subfield code="o">RT55.L33 </subfield>
    <subfield code="p">KSN/1164/111/23</subfield>
    <subfield code="r">2023-05-05 00:00:00</subfield>
    <subfield code="w">2023-05-05</subfield>
    <subfield code="y">BK</subfield>
  </datafield>
</record>
